Những chuyện lạ về biển

Sách sưu tập những chuyện lạ có liên quan đến biển và nghề hàng hải từ các hiện tượng lạ trong tự nhiên và trong xã hội

محفوظ في:
التفاصيل البيبلوغرافية
المؤلف الرئيسي: Những chuyện lạ về biển
التنسيق: كتاب
اللغة:Undetermined
منشور في: Hà Nội Thanh niên 1996
الموضوعات:
الوسوم: إضافة وسم
لا توجد وسوم, كن أول من يضع وسما على هذه التسجيلة!
Thư viện lưu trữ: Trung tâm Học liệu Trường Đại học Cần Thơ
LEADER 00744nam a2200181Ia 4500
001 CTU_18816
008 210402s9999 xx 000 0 und d
082 |a 551.46 
082 |b Nh556 
100 |a Những chuyện lạ về biển 
245 0 |a Những chuyện lạ về biển 
245 0 |c Những chuyện lạ về biển; Biên soạn: Đình Kính 
260 |a Hà Nội 
260 |b Thanh niên 
260 |c 1996 
520 |a Sách sưu tập những chuyện lạ có liên quan đến biển và nghề hàng hải từ các hiện tượng lạ trong tự nhiên và trong xã hội 
650 |a ocean 
980 |a Trung tâm Học liệu Trường Đại học Cần Thơ